Normal view
MARC view
Entry Topical Term
001 - CONTROL NUMBER
- control field: 1234053
003 - CONTROL NUMBER IDENTIFIER
- control field: OSt
005 - DATE AND TIME OF LATEST TRANSACTION
- control field: 20260402110857.0
008 - FIXED-LENGTH DATA ELEMENTS
- fixed length control field: 260402|| aca||aabn | a|a d
040 ## - CATALOGING SOURCE
- Original cataloging agency: OSt
- Transcribing agency: OSt
150 ## - HEADING--TOPICAL TERM
- Topical term or geographic name entry element: औपनिवेशिक भारत
670 ## - SOURCE DATA FOUND
- Source citation: Work cat.: (OSt)1474595: देवी, लक्ष्मी 875996, औपनिवेशिक भारत का स्त्री लेखन: , 2022.
